| 000 | 01057 a2200265 4500 | ||
|---|---|---|---|
| 003 | NUST | ||
| 005 | 20221202151909.0 | ||
| 010 | _a 2009042875 | ||
| 020 | _a0195387759 | ||
| 020 | _a9780195387759 | ||
| 035 | _a(OCoLC)ocn437300027 | ||
| 040 | _cNust | ||
| 082 | 0 | 0 | _a537,SAD |
| 100 | 1 | _aSadiku, Matthew N. O. | |
| 245 | 1 | 0 |
_aElements of electromagnetics / _cMatthew N.O. Sadiku. |
| 250 | _a3rd ed. | ||
| 260 |
_aNew York : _bOxford University Press, _c2010. |
||
| 300 |
_axvi, 845 p. : _bill ; _c25 cm. |
||
| 505 | _aPart-1: Vector Analysis (Page-1) Part-2: Electrostatics(Page-102) Part-3: Magnetostatics (Page-261) Part-4: Waves and Applications (Page-369) | ||
| 650 | 0 | _aElectromagnetism. | |
| 856 | 4 | 2 |
_3Contributor biographical information _uhttp://www.loc.gov/catdir/enhancements/fy1010/2009042875-b.html |
| 856 | 4 | 2 |
_3Publisher description _uhttp://www.loc.gov/catdir/enhancements/fy1010/2009042875-d.html |
| 856 | 4 | 2 |
_3Table of contents only _uhttp://www.loc.gov/catdir/enhancements/fy1010/2009042875-t.html |
| 942 |
_2ddc _cBK _k537,SAD |
||
| 999 |
_c190820 _d190820 |
||